| 000 | 00564nam a2200193Ia 4500 | ||
|---|---|---|---|
| 003 | PILC | ||
| 005 | 20160128154448.0 | ||
| 008 | 140609s9999 xx 000 0 und d | ||
| 020 | _a9781111841522 | ||
| 050 |
_aBC 71 _b.Sa25 2013 |
||
| 100 | _aSalmon, Merrilee H. | ||
| 245 |
_aIntroduction to logic and critical thinking / _cMerrilee H. Salmon |
||
| 250 | _a6th edition. | ||
| 260 |
_aAustralia : _bWadsworth, _c2013. |
||
| 300 |
_a501 pages : _billustrations ; _c23 cm. |
||
| 500 | _aIncludes appendix and index. | ||
| 942 |
_kFOR _cBK _2lcc |
||
| 999 |
_c118098 _d118098 |
||